Southville International School and Colleges
Your cart is empty.
  • Cart
  • Lists
    Public lists Eva Luna New books Lux_list list_1
    Your lists Log in to create your own lists
  • Log in to your account
  • Your cookies
  • Search history
Southville International School and Colleges
  • Advanced search
  • Recent comments
  • Most popular
  • Libraries

Log in to your account

Log in with GOOGLE


If you do not have an external account, but do have a local account, you can still log in:

  1. Home
  2. MARC view: The Usborne book of racing cars /
Normal view MARC view ISBD view

The Usborne book of racing cars / (Record no. 34901)

[ view plain ]
MARC details
000 -LEADER
fixed length control field 00674nam a22002297a 4500
003 - CONTROL NUMBER IDENTIFIER
control field OSt
005 - DATE AND TIME OF LATEST TRANSACTION
control field 20140310184511.0
008 - FIXED-LENGTH DATA ELEMENTS--GENERAL INFORMATION
fixed length control field 131016t xxu||||| |||| 00| 0 eng d
020 ## - INTERNATIONAL STANDARD BOOK NUMBER
International Standard Book Number 0439120519
050 ## - LIBRARY OF CONGRESS CALL NUMBER
Classification number GV 1029
Item number .G54 1999
100 ## - MAIN ENTRY--PERSONAL NAME
Personal name Gifford, Clive
9 (RLIN) 29206
245 ## - TITLE STATEMENT
Title The Usborne book of racing cars /
Statement of responsibility, etc Clive Gifford; designed by Robert Walster.
260 ## - PUBLICATION, DISTRIBUTION, ETC. (IMPRINT)
Place of publication, distribution, etc Tulsa, OK :
Name of publisher, distributor, etc EDC Publishing,
Date of publication, distribution, etc 1999.
300 ## - PHYSICAL DESCRIPTION
Extent 32p. :
Other physical details col. ill. ;
Dimensions 27 cm.
521 ## - TARGET AUDIENCE NOTE
Target audience note
526 ## - STUDY PROGRAM INFORMATION NOTE
Reading level 640
650 ## - SUBJECT ADDED ENTRY--TOPICAL TERM
Topical term or geographic name as entry element Automobiles, Racing
General subdivision Juvenile literature.
9 (RLIN) 29207
650 ## - SUBJECT ADDED ENTRY--TOPICAL TERM
Topical term or geographic name as entry element Automobiles,Racing
9 (RLIN) 29208
942 ## - ADDED ENTRY ELEMENTS (KOHA)
Source of classification or shelving scheme Library of Congress Classification
Koha item type
Holdings
Withdrawn status Lost status Source of classification or shelving scheme Damaged status Home library Current library Shelving location Date acquired Total Checkouts Full call number Barcode Date last seen Copy number Price effective from Koha item type
    Library of Congress Classification   Luxembourg Library Luxembourg Library Scholastic Reading Center Section 10/16/2013   GV 1029 .G54 1999 LEX0070 04/18/2017 1 10/16/2013 Books
    Library of Congress Classification   Luxembourg Library Luxembourg Library Scholastic Reading Center Section 10/17/2013   GV 1029 .G54 1999 SCHO0621 04/18/2017 2 10/17/2013 Books

The Usborne book of racing cars /

APA

Gifford C., . (1999). The Usborne book of racing cars. Tulsa, OK: EDC Publishing.

Chicago

Gifford Clive, . 1999. The Usborne book of racing cars. Tulsa, OK: EDC Publishing.

Harvard

Gifford C., . (1999). The Usborne book of racing cars. Tulsa, OK: EDC Publishing.

MLA

Gifford Clive, . The Usborne book of racing cars. Tulsa, OK: EDC Publishing. 1999.

  • Place hold
  • Print
  • Cite
  • Add to your cart (remove)
  • Save record
    BIBTEX Dublin Core MARCXML MARC (non-Unicode/MARC-8) MARC (Unicode/UTF-8) MARC (Unicode/UTF-8, Standard) MODS (XML) RIS
  • More searches
    Search for this title in:
    Other Libraries (WorldCat) Other Databases (Google Scholar) Online Stores (Bookfinder.com) Open Library (openlibrary.org)

Exporting to Dublin Core...

SOUTHVILLE LIBRARY

Southville International School and Colleges Library

1281 Tropical Ave. Cor. Luxembourg St., BF Homes International, Las Pinas City

Tel. No. 8256374 / 252358 Loc. 117/146

Powered by Koha